Λουτρόπολις Θερμής. Η15-33.

Saved in:
Bibliographic Details
Format: Map
Language:Greek
Published: [Χ.τ] : [χ.ό.].
Subjects:
Tags: Add Tag
No Tags, Be the first to tag this record!

MARC

LEADER 00000cem a2200000 a 4500
001 1/119839
008 300819n gr ||||| |##|||||||gre||
040 |a GR-MyUa  |b gre  |c GR-MyUa  |e AACR2 
041 0 |a gre 
089 |p M  |a ΥΓΔΧ   |s 1Α-165  
245 1 0 |a Λουτρόπολις Θερμής.   |n Η15-33.   |h [χάρτης]  
255 |a Κλίμακα απροσδιόριστη.  
260 |a [Χ.τ] :   |b [χ.ό.].  
300 |a 1 χάρτης :   |b ασπρόμ. ;   |c 80 x 55 εκ. 
500 |a Ορθοφωτοχάρτης.  
500 |a Γαιοϊκανότητας.  
500 |a Υπουργείο Γεωργίας.  
500 |a Υπουργείο Αγροτικής Ανάπτυξης και Τροφίμων.  
651 0 |a Lesbos (Greece : Nome) 
651 0 |a Lesbos (Greece : Nome)  |v Maps. 
651 0 |a Loutropolis Thermis (Greece) 
651 0 |a Loutropolis Thermis (Greece)  |v Maps. 
655 7 |a Photomaps  |2 lcgft 
852 |a INST  |b LESVOS  |c MAP  |e 20190830  |h M ΥΓΔΧ/1Α-165  |p 005100061603  |q 005100061603  |t MAP  |y 23 
920 |a Εργαστήριο Χαρτογραφίας και Γεωπληροφορικής  |y Λέσβος-ΤΓ  |z 2018 
970 |a Καρά   |b Γιασεμή  |z 30/08/2019